| 000 | 00763nam a2200217 a 4500 | ||
|---|---|---|---|
| 001 | 000029440 | ||
| 005 | 20240530073935.0 | ||
| 008 | 110415s2010 dr 001 e spa d | ||
| 020 | _a9789945452228 | ||
| 040 |
_aDO-SdBNP _bspa _cBNPHU |
||
| 082 |
_a320.97293 _bP349e |
||
| 100 | 1 |
_aPeña, Víctor Manuel _910371 |
|
| 245 | 1 | 0 |
_aEnsayos / _cVíctor Manuel Peña. |
| 260 |
_aSanto Domingo : _bEl Nuevo Diario, _c2010. |
||
| 300 |
_a443 p. ; _c23 cm. |
||
| 590 | _aInventariado, 2018/LP | ||
| 650 | 0 |
_aEnsayos dominicanos _965 |
|
| 651 | 4 |
_aRepública Dominicana _xPolítica Y Gobierno _xEnsayos, Conferencias, Etc. _91167 |
|
| 651 | 4 |
_aRepública Dominicana _xCondiciones Económicas _xEnsayos, Conferencias, Etc. _92598 |
|
| 910 | _aValidado. Control de calidad EMS | ||
| 999 |
_c28932 _d28932 |
||